| 000 | 00545cam a22002051 4500 | ||
|---|---|---|---|
| 001 | he 68002132 | ||
| 003 | DLC | ||
| 005 | 20260227111501.0 | ||
| 008 | 830728s1967 is j 000 0 heb | ||
| 010 | _ahe 68002132 | ||
| 035 | _a(OCoLC)19149215 | ||
| 040 |
_aDLC _cMH _dDLC |
||
| 042 | _apremarc | ||
| 050 | 0 | 0 |
_aPZ90.H3 _bC573 |
| 245 | 0 | 0 |
_aSodot ha-yaʻar : _bagadot ʻamim / _cʻIvrit Adir Kohen. |
| 260 |
_aTel Aviv : _bYavneh _c[1967] |
||
| 300 |
_a157 p. : _bill. ; _c25 cm. |
||
| 700 | 1 |
_aCohen, Adir. _etr. |
|
| 752 |
_aIsrael _dTel Aviv |
||
| 999 |
_c33511 _d33511 |
||